Responses for show #4448 - Wednesday, December 31, 2003

Game data retrieved from an alternate archive.

Contestants

[<< previous game]

Brenna McGowan, a financial services consultant from Holliston, Massachusetts

Robert Gonzalez, a teacher from Glendora, California

Micah Morken, a graduate student originally from St. Paul, Minnesota (whose 1-day cash winnings total $28,200)

[next game >>]

Jeopardy! Round responses

THE LAWYER WHO...
SPORTS 2003
GUINNESS RECORDS
LIBROS EN ESPAƑOL
BRANDS
BIRD TALK
    $200 11
Noah Webster

Micah
    $200 1
(Micah: What are kickoffs?)
(Robert: What are punts?)

interceptions

MicahRobert
Triple Stumper
    $200 6
hot dogs

Brenna
    $200 26
Harry Potter and the Sorcerer's Stone

Micah
    $200 16
Life Savers

Robert
    $200 21
duck

Micah
    $400 12
(Brenna: [No guess.])

Howard Cosell

RobertBrenna
    $400 2
Andy Roddick

Micah
    $400 7
an egg

Robert
    $400 27
The Godfather

Robert
    $400 17
Mountain Dew

Brenna
    $400 22
crow

Brenna
    $600 13
Francis Scott Key

Robert
    $600 3
[Roger Clemens]

300 wins

Micah
    $600 8
band-aids (adhesive bandages)

Brenna
    $600 28
The War of the Worlds

Robert
    $600 18
Dove

Robert
    $600 23
quail

Triple Stumper
    $800 14
Edwin Hubble

Triple Stumper
    $800 4
goalie

Micah
    $800 9
a eucalyptus

Robert
    $800 29
Curious George

Brenna
    $800 19
Aquafina

Robert
    $800 24
snipe

Robert
    $1000 15
Scott Turow

Robert
    $1000 5
Davis Love III

Micah
    $1000 10
Sun Myung Moon

Micah
    $1000 30
Men Are from Mars, Women Are from Venus

Brenna
    $4,600 20
(Robert: What is no idea, although that's NI.)

New England

Robert
    $1000 25
hawk

Brenna

Scores at the first commercial break (after clue 15):

Micah Robert Brenna
$3,800 $3,000 $400

Scores at the end of the Jeopardy! Round:

Micah Robert Brenna
$4,200 $1,800 $4,000

Double Jeopardy! Round responses

ANCIENT TIMES
CHRISTMAS CHARACTERS
TRAVEL GERMANY
MEDICINE
DOGS
PRIVATE "PART"s
    $400 2
Alexander the Great

Micah
    $400 16
Jack Frost

Brenna
    $400 7
the Brandenburg Gate

Micah
    $400 21
Apollo

Triple Stumper
    $400 1
Japan

Micah
    $400 26
a part of speech

Brenna
    $800 3
Chichen Itza

Micah
    $800 17
Ebenezer Scrooge

Micah
    $800 8
Hamburg

Micah
    $800 22
psoriasis

Micah
    $800 12
Miniature

Brenna
    $800 27
(Brenna: What is a grouse?)

a partridge

MicahBrenna
    $1200 4
Socrates

Micah
    $1200 18
the Sugar Plum Fairy

Micah
    $1200 9
(Brenna: What is parliamentary?)

democracy

Brenna
Triple Stumper
    $1200 23
(Brenna: What is emphysema?)

tuberculosis

Brenna
Triple Stumper
    $2,000 13
the Cocker Spaniel

Brenna
    $1200 28
partisans

Robert
    $1600 5
a ziggurat

Micah
    $1600 19
Kris Kringle

Micah
    $1600 10
Swan Lake

Micah
    $1600 24
foxglove

Triple Stumper
    $1600 14
(Brenna: What is the Griffon? What is the...)

the Brussels Griffon

Brenna
Triple Stumper
    $1600 29
a partition

Micah
    $2000 6
the Mausoleum of Halicarnassus

Triple Stumper
    $2,000 20
(Micah: Don't know.)

Toyland

Micah
    $2000 11
Hofbrauhaus

Robert
    $2000 25
(Robert: Who is Jarvik?)

Michael DeBakey

Robert
Triple Stumper
    $2000 15
Sir Walter Scott

Triple Stumper
    $2000 30
parthenogenesis

Triple Stumper

Scores at the end of the Double Jeopardy! Round:

Micah Robert Brenna
$16,200 $3,000 $2,800
(lock game)

[wagering suggestions for these scores]

Final Jeopardy! Round responses

STATE CAPITALS
BrennaWhat is Juneau?
$2,700
RobertWhat is Juneau?
$2,601
MicahWhat is Cheyenne?
$6,000
(1 of) Augusta, Pierre or Montpelier

Final scores:

Micah Robert Brenna
$10,200 $399 $100
2-day champion: $38,400 2nd place: $2,000 3rd place: $1,000

Game dynamics:

Coryat scores:

Micah Robert Brenna
$18,200 $7,600 $2,000
22 R,
2 W
(including 1 DD)
13 R,
3 W
(including 1 DD)
11 R
(including 1 DD),
5 W

Combined Coryat: $27,800

The J! Archive is created by fans, for fans. The Jeopardy! game show and all elements thereof, including but not limited to copyright and trademark thereto, are the property of Jeopardy Productions, Inc. and are protected under law. This website is not affiliated with, sponsored by, or operated by Jeopardy Productions, Inc. Join the discussion at JBoard.tv.